000 01121nam0a22002771 4500
001 rc\3935141
005 20250610130305.0
021 _aRU
_b[56-30236]
035 _a(NLR Aleph) 007917255
090 _a8135126
_c8135126
100 _a20130415d1956 |||y0rusy50 ca
101 1 _arus
_carm
102 _aRU
105 _ac z |||a|
200 1 _aКрай мой цветущий
_e[Стихи]
_fПер. с арм. С. Мар
210 _aЕреван
_cАйпетрат
_d1956
215 _a87 с., 1 л. портр.
_d17
327 0 _aЦиклы: Бурные воды; Любимой!; Детство; Пусть горят веселые огни!; Отчизна моя такая!
464 0 _12001#$aБурные воды$aЛюбимой!$aДетство$aПусть горят веселые огни!$aОтчизна моя такая!
_tОтчизна моя такая!
700 1 _aГригорян
_bВ.А.
_f1909-
_gВаган Арменакович
702 1 _aМар
_bС.
_4730
801 0 _aRU
_bNLR
_gpsbo
801 1 _aRU
_bELAR
_2rusmarc
852 _aNLR
_jЛ40 Г-2/1166
942 _cBOOK
980 _aNB